[Event "GRE-ch U20"]
[Site "Trikala"]
[Date "2022.08.26"]
[Round "2"]
[White "Farantos, Vasileios"]
[Black "Proutsalis, Marios Alexandros"]
[Result "0-1"]
[WhiteElo "1332"]
[BlackElo "1640"]
[PlyCount "164"]
[EventDate "2022.08.25"]
[EventType "swiss"]
[EventRounds "9"]
[EventCountry "GRE"]
[SourceTitle "CBM 210 Extra"]
[Source "ChessBase"]
[SourceDate "2022.11.30"]
[SourceVersion "1"]
[SourceVersionDate "2022.11.30"]
[SourceQuality "1"]

1. e4 c5 2. Nf3 a6 3. d4 cxd4 4. Nxd4 Nf6 5. Nc3 e5 6. Nb3 Bb4 7. Bd3 Bxc3+ 8. bxc3 Qc7 9. Bb2 d6 10. 0-0 Be6 11. Qe2 Nbd7 12. f4 Rc8 13. Kh1 0-0 14. f5 Bc4 15. Rf3 d5 16. Nd2 dxe4 17. Nxe4 Nxe4 18. Qxe4 Nf6 19. Qh4 Kh8 20. Rg3 Rg8 21. a3 Bxd3 22. Rxd3 Qc4 23. Qf2 Rge8 24. Rad1 Qa4 25. h3 Qa5 26. Qe3 e4 27. Rd4 Qxf5 28. Kg1 h6 29. Bc1 Qc5 30. Bb2 Qg5 31. Qe2 Qa5 32. Qd2 Qb5 33. Rb4 Qc5+ 34. Rd4 Qb5 35. Bc1 e3 36. Qe1 e2 37. R1d3 Qb1 38. Bd2 Qxc2 39. Rf3 Rc6 40. Rdf4 Qxd2 41. Qxd2 e1Q+ 42. Qxe1 Rxe1+ 43. Kf2 Rc1 44. Rb4 R6xc3 45. a4 Rxf3+ 46. Kxf3 Rc3+ 47. Kf2 Kg8 48. Rd4 b5 49. Rd8+ Kh7 50. axb5 axb5 51. Rb8 Rb3 52. Ke2 Kg6 53. Rf8 b4 54. Rb8 h5 55. Rb5 Rb1 56. Kd3 Rg1 57. Rxb4 Rxg2 58. h4 Rg3+ 59. Ke2 Rg4 60. Rxg4+ hxg4 61. Kf2 Kh5 62. Kg3 Ne4+ 63. Kg2 Kxh4 64. Kh2 Nc3 65. Kg2 Nb5 66. Kh2 g3+ 67. Kg2 Kg4 68. Kg1 Kh3 69. Kh1 f6 70. Kg1 g2 71. Kf2 Kh2 72. Kf3 g1Q 73. Ke4 Qg5 74. Kd3 Qe5 75. Kc4 Qd6 76. Kb3 Nc7 77. Kc3 Ne8 78. Kb3 Qc5 79. Kb2 Qc4 80. Ka1 Qe2 81. Kb1 Qd2 82. Ka1 g5 0-1

[Event "GRE-chT Online Rapid op 1st"]
[Site "Tornelo INT"]
[Date "2021.02.21"]
[Round "6.28"]
[White "Farantos, Vasileios"]
[Black "Daskalakis, Emmanouil G"]
[Result "0-1"]
[WhiteElo "1096"]
[BlackElo "1080"]
[PlyCount "102"]
[EventDate "2021.02.20"]
[EventType "team-swiss (rapid)"]
[EventRounds "9"]
[EventCountry "GRE"]
[SourceTitle "EXT 2023"]
[Source "ChessBase"]
[SourceDate "2022.10.05"]
[SourceVersion "1"]
[SourceVersionDate "2022.10.05"]
[SourceQuality "1"]

1. e4 c5 2. Nf3 e6 3. d4 cxd4 4. Nxd4 a6 5. Nc3 Qc7 6. Be3 Nf6 7. a3 Be7 8. Qd2 d6 9. Be2 Nbd7 10. 0-0-0 b5 11. g4 Bb7 12. f3 Ne5 13. g5 Nfd7 14. Nb3 0-0 15. h4 Rfd8 16. Kb1 Nc5 17. Bxc5 dxc5 18. Qf4 Bd6 19. Qe3 c4 20. Nd4 Bc5 21. Rd2 Nc6 22. Rhd1 Bxd4 23. Rxd4 Nxd4 24. Rxd4 Rxd4 25. Qxd4 Rd8 26. Qf2 Qd6 27. Kc1 Qd4 28. Qe1 Qe3+ 29. Kb1 Rd2 30. Qg3 Qa7 31. Qf4 Rd8 32. Kc1 Qb8 33. e5 Qa7 34. h5 Qd4 35. Qg3 Qe3+ 36. Kb1 Rd2 37. g6 Rxe2 38. Nxe2 Qxe2 39. gxf7+ Kxf7 40. Qf4+ Kg8 41. Qg4 Qxf3 42. Qxe6+ Qf7 43. Qb6 h6 44. e6 Qe7 45. Kc1 Kf8 46. Qa7 Qc7 47. Qf2+ Kg8 48. Qd4 Kf8 49. Qf2+ Kg8 50. Qd4 Qe7 51. Qd7 Kf8 0-1

[Event "GRE-chT Online Rapid op 1st"]
[Site "Tornelo INT"]
[Date "2021.02.20"]
[Round "2.26"]
[White "Farantos, Vasileios"]
[Black "Siokis, Loukas"]
[Result "1-0"]
[WhiteElo "1096"]
[BlackElo "1017"]
[PlyCount "61"]
[EventDate "2021.02.20"]
[EventType "team-swiss (rapid)"]
[EventRounds "9"]
[EventCountry "GRE"]
[SourceTitle "EXT 2023"]
[Source "ChessBase"]
[SourceDate "2022.10.05"]
[SourceVersion "1"]
[SourceVersionDate "2022.10.05"]
[SourceQuality "1"]

1. e4 e5 2. Nf3 Nc6 3. d4 exd4 4. Nxd4 Bc5 5. Be3 Nxd4 6. Bxd4 Bxd4 7. Qxd4 Qf6 8. c3 d6 9. Be2 Bd7 10. 0-0 Qxd4 11. cxd4 Nf6 12. Nc3 c6 13. f4 0-0 14. Bd3 d5 15. e5 Ne8 16. f5 g6 17. Rf3 Ng7 18. g4 gxf5 19. gxf5 Kh8 20. Kh1 Rg8 21. Na4 b6 22. Rg1 c5 23. Nc3 cxd4 24. Nxd5 Bc6 25. Be4 Rad8 26. Nf6 Bxe4 27. Nxe4 Ne8 28. Ng5 Rxg5 29. Rxg5 Nc7 30. Rd3 Na6 31. Rg4 1-0